000 00629nam a2200241Ia 4500
008 170203s9999 xx 000 0 und d
020 _a1840441941
050 _a0 30
050 _bC366me 1998
100 _aCato, Sheila.
245 _aMeasuring /
245 _cSheila Cato ; illustrations by Sami Sweeten.
260 _aLondon : 
260 _bGrolier.
260 _c1998
300 _a32 pages :
300 _bcolor illustrations,
300 _c30cm.
440 _aA Question Of Math.
650 _aChildren's Literature,English.
650 _xJuvenile literature.
700 _aSweeten, Sami, Illustrator.
999 _c305652
_d305652